000 00925nam a2200253 a 4500
001 000007116
003 DO-SdBNP
005 20240307073941.0
008 090904t1988 dr ad 001 0 spa d
040 _aDO-SdBNP
_bspa
_cBNPHU
082 _a382.41361
_bL358s
100 1 _aLatorre, Eduardo,
_d1941-2003
_97187
245 1 0 _aSobre azúcar /
_cEduardo Latorre.
260 _aSanto Domingo :
_bINTEC,
_c1988.
300 _a190 p. :
_bil. , gráf. , tablas. ;
_c23 cm.
500 _aIncluye referencias bibliográficas y notas al pie de las páginas.
504 _aBibliográfía : p.189-190.
590 _aInventariado, 2018/VM
650 4 _aAzúcar
_xComercio
_zAmérica Latina
_vEnsayos, conferencias, etc.
_919752
650 4 _aAzúcar
_xAspectos económicos
_yRepública Dominicana
_919753
710 2 _aInstituto Tecnológico de Santo Domingo
_978911
910 _aValidado. Control de calidad EMS.
942 _2ddc
_cLBS1
999 _c6897
_d6897